La portentosa vida de la muerte / (Record no. 45691)

MARC details
000 -CABECERA
campo de control de longitud fija 00632nam a2200217 a 4500
005 - FECHA Y HORA DE LA ÚLTIMA TRANSACCIÓN
campo de control 20210223123014.0
008 - ELEMENTOS DE LONGITUD FIJA--INFORMACIÓN GENERAL
campo de control de longitud fija 991125s1983 mx 000 0 spa u
020 ## - NÚMERO INTERNACIONAL NORMALIZADO PARA LIBROS
Número Internacional Estándar del Libro 9684343035
035 ## - NÚMERO DE CONTROL DEL SISTEMA
Número de control de sistema UPN01000045691
049 ## - COLECCIÓN
Colección CG
050 #4 - SIGNATURA TOPOGRÁFICA DE LA BIBLIOTECA DEL CONGRESO
Número de clasificación PQ7082 B6.6
100 1# - ASIENTO PRINCIPAL--NOMBRE PERSONAL
Nombre de persona Bolaños, Joaquín
245 13 - MENCIÓN DE TÍTULO
Título La portentosa vida de la muerte /
Mención de responsabilidad, etc. Joaquín Bolaños
260 ## - PUBLICACIÓN, DISTRIBUCIÓN, ETC.
Lugar de publicación, distribución, etc. México :
Nombre del editor, distribuidor, etc. INBA$bPremia,
Fecha de publicación, distribución, etc. 1983
300 ## - DESCRIPCIÓN FÍSICA
Extensión 365 p. :
Otras características físicas il
440 #3 - MENCIÓN DE SERIE/ASIENTO SECUNDARIO--TÍTULO
Título La matraca. Segunda serie;
Designación de volumen o secuencia 1
500 ## - NOTA GENERAL
Nota general Fascím. de : La portentosa vida de la muerte, 1792
650 #4 - ASIENTO SECUNDARIO DE MATERIA - TERMINO TEMATICO
Término de materia o nombre geográfico como elemento de entrada NOVELA HISPANOAMERICANA
9 (RLIN) 16558
904 ## - ELEMENTOS DE DATOS D LOCAL, LDD (RLIN)
a AC
b 045693
905 ## - TIPO DE MATERIAL
Tipo de material Libro

No items available.